Manual de periodismo educativo y científico

Guardado en:
Formato: Libro
Publicado: Bogota : Cimpec
Materias:
Etiquetas: Agregar Etiqueta
Sin Etiquetas, Sea el primero en etiquetar este registro!
LEADER 00724nam a22001695a 4500
001 CEM.cems012736
005 20071010171944.0
008 130507b######################000#0#####d
003 CEMS
082 0 4 |a 070 
245 0 0 |a Manual de periodismo educativo y científico 
260 |a Bogota :  |b Cimpec 
300 |a 190 p. 
505 0 |a La comunicación y el desarrollo de la sociedad, la ciencia y la cultura -- La comunicación -- Fuentes de información -- El periodista científico -- El mensaje -- El medio de comunicación social o colectiva -- El público -- Las fuentes de ruido -- Técnicas del periodismo científico 
653 |a Periodismo 
653 |a Comunicación 
859 |a CEMS  |b BIB. CEMS - 11 de abril  |h 070  |i C35  |p 23972.07  |t Ej.1